The World War I diary of José de la Luz Sáenz /

Bibliographic Details
Main Author: Sáenz, José de la Luz, 1888-1953 (Author)
Other Authors: Zamora, Emilio (Translator, Editor), Maya, Ben, -2012 (Translator)
Format: Book
Language:English
Published: College Station : Texas A&M University Press, [2014]
Edition:First edition.
Series:C.A. Brannen series ; no. 13.
Subjects:

MARC

Tag First Indicator Second Indicator Subfields
LEADER 00000cam a22000004i 4500
001 in00003345513
005 20151206084538.0
008 130904t20142014txuab b 001 0ceng c
010 |a  2013035951 
020 |a 9781623491130 (cloth : alk. paper) 
020 |a 1623491134 (cloth : alk. paper) 
020 |a 9781623491147 (pbk. : alk. paper) 
020 |a 1623491142 (pbk. : alk. paper) 
020 |a 9781623491512 (e-book) 
020 |a 1623491517 (e-book) 
035 |a (OCoLC)ocn858159463 
040 |a TXA/DLC  |e rda  |c DLC  |d TXA  |d UtOrBLW 
041 1 |a eng  |h spa 
042 |a pcc 
043 |a n-us---  |a n-us-tx 
049 |a TXAM 
050 0 0 |a D570.390th  |b .S2413 2014 
082 0 0 |a 940.4/12730922  |2 23 
100 1 |a Sáenz, José de la Luz,  |d 1888-1953,  |e author. 
240 1 0 |a México-americanos en la Gran Guerra.  |l English 
245 1 4 |a The World War I diary of José de la Luz Sáenz /  |c edited and with an introduction by Emilio Zamora ; translated by Emilio Zamora with Ben Maya. 
250 |a First edition. 
264 1 |a College Station :  |b Texas A&M University Press,  |c [2014] 
264 4 |c ©2014 
300 |a viii, 513 pages :  |b illustrations, maps ;  |c 23 cm. 
336 |a text  |b txt  |2 rdacontent 
337 |a unmediated  |b n  |2 rdamedia 
338 |a volume  |b nc  |2 rdacarrier 
490 1 |a C. A. Brannen series ;  |v number thirteen 
500 |a Translation of: Los méxico-americanos en la Gran Guerra: y su contingente en pró de la democracia, la humanidad y la justicia, first published in original Spanish in San Antonio by Artes Gráficas, 1933. 
504 |a Includes bibliographical references and index. 
505 0 |a Prologue -- My personal diary -- Reporting at New Braunfels -- The brigade station -- Camp Travis -- France -- How Carrejo and four others died -- A horrible night in "no man's land" -- Toul, Choloy, and Rampondt -- Moving across the rubble of the battlefield to reach the enemy and occupy the line of fire: Montfaucon and Dead Man's Hill -- Days and nights in a foxhole in Romagne -- How we destroyed Hindenburg's impregnable trenches -- Simón González and others -- Hipólito Jasso receives a shrapnel wound -- Dark night, cold night, horrible night in Villers-devant-Dun -- Armistice day -- Memorable march from Pont-Sassy, France -- Memories of the European War, our last campaign, five days and nights -- Thanksgiving and then to Germany -- In Zeltingen, Alemania, by the Moselle -- Mexican Americans attend school -- The Texans and Oklahomans: an occasion for drawing on a postcard -- Prodding that produces favorable results -- Article of War no. 105 and 2,175 bottles of champagne -- A portrait of Zeltingen -- On the last cattle train and cars 40 and 8 -- The Mongolia, American steamship -- How Boston receives us -- Demobilizing the 90th Division -- Epilogue: the voice of a claim that demands justice -- To the memory of the Mexican American heroes who died in the Great World War defending the democratic principles of the American Union -- List of honor -- Notes. 
610 1 0 |a United States.  |b Army.  |b Division, 90th  |v Biography. 
650 0 |a World War, 1914-1918  |x Regimental histories  |z United States. 
600 1 0 |a Sáenz, José de la Luz,  |d 1888-1953. 
650 0 |a Mexican Americans  |z Texas  |v Biography. 
650 0 |a Civil rights workers  |z Texas  |v Biography. 
650 0 |a World War, 1914-1918  |v Personal narratives, Mexican-American. 
650 0 |a World War, 1914-1918  |x Participation, Mexican American. 
700 1 |a Zamora, Emilio,  |e translator,  |e editor. 
700 1 |a Maya, Ben,  |d -2012,  |e translator. 
830 0 |a C.A. Brannen series ;  |v no. 13. 
948 |a cataloged  |b h  |c 2014/4/17  |d c  |e dmitchel  |f 10:00:00 am 
994 |a C0  |b TXA 
999 |a MARS 
999 f f |s 3c7f50cf-74aa-3fe8-943c-33ec0dc1b248  |i db747b11-d6d1-3c0b-958f-63efcf4449f2  |t 0 
952 f f |p normal  |a Texas A&M University  |b College Station  |c Sterling C. Evans Library  |d Evans: Library Stacks  |t 0  |e D570.390th .S2413 2014  |h Library of Congress classification  |i unmediated -- volume  |m A14838080196 
998 f f |a D570.390th .S2413 2014  |t 0  |l Evans: Library Stacks